Statistics for Luxury Hotels

Click here to take the quiz!

General Stats

  • This quiz has been taken 41 times
  • The average score is 3 of 11

Answer Stats

Answer% Correct
The Plaza New York
82%
Ritz Paris
69%
Carlton Cannes
38%
The Pierre New York
36%
The Dorchester London
23%
Copacabana Palace Rio
18%
The Savoy London
18%
Villa d'Este Como
15%
Georges V Paris
8%
Palace Hotel Gstaad
8%
Danieli Venezia
5%

Score Distribution

Percentile by Number Answered

Percent of People with Each Score

Your Score History

You have not taken this quiz